|
|
|
|
| LEADER |
00000cam a2200000 7i4500 |
| 001 |
0000278606 |
| 005 |
20210826114956.0 |
| 006 |
a ###e ### 000 0 |
| 007 |
t |
| 008 |
210826s2019 enk e 0000 eng # |
| 020 |
|
|
|a 9781785041181
|
| 040 |
|
|
|a MBPJ
|b eng
|c MBPJ
|e rda
|
| 090 |
0 |
0 |
|a 616.891425
|b HAY
|
| 100 |
1 |
|
|a Hayes, Steven C.
|c Dr. ,
|e author
|
| 245 |
1 |
2 |
|a A LIBERATED MIND :
|b The essential guide to ACT : Transform your thinking & find freedom from stress, anxiety, depression & addiction
|c DR STEVEN C. HAYES
|
| 264 |
|
1 |
|a London :
|b Vermilion
|c 2019
|
| 264 |
|
4 |
|c ©2019
|
| 300 |
|
|
|a xvi, 430 pages ;
|c 24 cm.
|
| 336 |
|
|
|a text
|2 rdacontent
|
| 337 |
|
|
|a unmediated
|2 rdamedia
|
| 338 |
|
|
|a volume
|2 rdacarrier
|
| 504 |
|
|
|a Includes notes and index
|
| 650 |
|
0 |
|a Acceptance and commitment therapy
|v Popular work
|
| 999 |
|
|
|a 00385777
|b BUKU
|c PINJAMAN
|e PERPUSTAKAAN KOMUNITI PETALING JAYA
|